000 00576cam a22002173a 4500
001 39919
003 PGUSA
005 20140828083905.0
008 120605s2012||||xxu|||||s|||||000 | eng d
040 _aPGUSA
_beng
042 _adc
100 1 _aBely, Andrey
245 1 0 _aPetersburg
_h[electronic resource] /
_cAndrey Bely
260 _bProject Gutenberg,
_c2012
506 _aPublic domain in the USA.
516 _aElectronic text
700 1 _aStrasser, Nadja
830 0 _aProject Gutenberg
_v39919
856 4 0 _uhttp://www.gutenberg.org/ebooks/39919
942 _cEB
999 _c269172
_d269172